Statistics for McLaren F1 Quiz

Click here to take the quiz!

General Stats

  • This quiz has been taken 65 times
  • The average score is 4 of 7

Answer Stats

QuestionAnswer% Correct
Bruce McLaren (founder of this team) gave McLaren 2nd place in the Constructor's Championship during which year, where the sport was suffering the loss of the great, Jim Clark?1968
86%
Powered by a Mercedes engine, the McLaren MP4/13 was a machine in 1998. This was the first time that McLaren won the Driver's Championship with Mika Hakkinen since what year?1991
79%
McLaren switched to Honda-powered engines at the start of the 2015 season. During the 2017 season, the team decided to switch to what engine?Renault
74%
With McLaren recording an unimaginable 1-2 finish at Monza, and Daniel Ricciardo (the Honey Badger) winning the race, it was their first win since what year?2012
72%
In a rain-soaked Fuji Speedway, who miraculously won the Driver's Championship by 1 point, with the team that he had been so long wanting to drive for?James Hunt
61%
By how many points did Niki Lauda win the 1984 Driver's Championship from teammate, Alain Prost?0.5
60%
Rookie Lewis Hamilton and reigning World Champion Fernando Alonso were extremely dominant in the 2007 season. But name the driver that finished ahead of each other?They were level on points
5%

Score Distribution

Percentile by Number Answered

Percent of People with Each Score

Your Score History

You have not taken this quiz